000 00536nam a2200193Ia 4500
005 20250508155434.0
008 008 250505s9999 xx 000 0 eng d
037 _aTextual
040 _aFEDL
_beng
_cFEDL
041 _aeng
_2eng
084 _a155.4, RHE
_qFEDL
100 _aRheingold Harriet Lange
_9766991
245 0 _aModification of social responsiveness in institutional babies
260 _c1956
300 _a48p.
650 _aChild Psychology
942 _cTEXL
_h155.4, RHE
999 _c1356884
_d1356884